01434nam a22002655i 4500001000700000003000900007005001700016008004100033040002000074130003200094245027000126250021000396260007100606300002600677595004900703597006800752597002500820650003300845700003000878700003100908700003500939852004800974999001901022952012701041153155ES-MaACL20250723061843.0971014s1740 it |||| | lat d aAN bspa cCCPB0 aCodex Theodosianus.913526310aCodex Theodosianus / ccum perpetuis commentariis Jacobi Gothofredi ... ; praemittuntur chronologia accuratior, chronicon historicum ... ; opus posthumum ... recognitum, & ordinatum ad usum Codicis Justinianei, opera, & studio Antonii Marvillii ...; tomus secundus. aEditio nova in VI tomos digesta, collata cum antiquissimo Codice MS. Wurceburgensi, & libri editis biterum recognita, emendata, variorumque observationibus aucta, quibus adiecit suas Joan. Dan. Ritter ... aMantuae ; aprostant Venetiis : bapud Franciscum Pitteri, c1740. a[26], 675 p. ; cFol. aLos datos de ed. preceden a "tomus secundus" aSign.: []2, b-c4, d2, e1, A-Z4, 2A-2Z4, 3A-3Z4, 4A-4O4, 4P-4R2. aPort. con grab. xil.07aDerecho romano2embne9117640 aGodefroy, Jacques.9575131 aMarville, Antoine.91296661 aRitter, Johann Daniel.9131841 aES-MaACLjR-2037 z-- Enc. pasta española c153155d153155 001040708LIBXVIIIaATENEOMbATENEOMcDEPOd2008-01-17eSSCl0oR-2037p1160026r2023-02-23 00:00:00w2023-02-23yMONANT